Les titis du PSG - Statistiques

Statistiques générales
  • Ce quiz a été pris 335 fois
  • Le résultat moyen est 17 sur 36
Statistiques - réponses
Année+poste+club Titi % Correct
2012; attaquant; Bayern Munich Kingsley Coman
88%
2013; attaquant; Bayern Munich Kingsley Coman
88%
2015; attaquant; juventus turin Kingsley Coman
88%
2017; attaquant; bayern munich Kingsley Coman
88%
2018; défenseur; PSG Presnel Kimpembe
83%
2013; milieu; Juventus Turin Adrien Rabiot
82%
2015; milieu; Juventus Turin Adrien Rabiot
82%
2016; milieu; Juventus Turin Adrien Rabiot
82%
2017; milieu; Juventus Turin Adrien Rabiot
82%
2016; attaquant; Bayer Leverkusen Moussa Diaby
71%
2009; gardien; Real Madrid Alphonse Areola
65%
2008; défenseur; Crystal Palace Mamadou Sakho
61%
2009; défenseur; Crystal Palace Mamadou Sakho
61%
2011; défenseur, Crystal Palace Mamadou Sakho
61%
2012; défenseur, Crystal Palace Mamadou Sakho
61%
2017; milieu; Girondins de Bordeaux Yacine Adli
51%
2018; milieu; Arsenal Mattéo Guendouzi
49%
2015; attaquant; Celtic Glasgow Odsonne Edouard
47%
2019; milieu; Celtic Glasgow Odsonne Édouard
47%
2016; attaquant; Celtic Glasgow Moussa Dembélé
46%
2014; attaquant; FC Ultrecht Jean-Christophe Bahebeck
42%
2014; attaquant; RB Leipzieg Jean-Kévin Augustin
41%
2019; défenseur; PSG Colin Dagba
38%
2007; attaquant; Bolton Nicolas Anelka
38%
2008; attaquant; Chelsea Nicolas Anelka
38%
2009; attaquant; Chelsea Nicolas Anelka
38%
2019; milieu; PSG Tanguy Kouassi
35%
2008; attaquant; Chevio Vérone Hervin Ongenda
31%
2011; attaquant; Chevio Vérone Hervin Ongenda
31%
2018; défenseur; AS Monaco Arthur Zagre
19%
2012; milieu; West Bromwich Albion Youssouf Mulumbu
4%
2007; attaquant; FK Žalgiris David N'Gog
3%
2007; milieu; US Lusitanos Saint-Maur Abdelaziz Barrada
2%
2011; milieu; Getafe Abdelaziz Barrada
2%
2013; milieu; ESTAC Troyes Mounir Obbadi
0%
2014; attaquant; Grenade Yacine Brahimi
0%
Aucun quiz correspondant
Distribution des résultats
% des personnes avec chaque résultat
Percentile par nombre de réponses
Votre historique - résultats
Vous n’avez pas pris ce quiz